Interakčný a interpretačný rámec kultúrnej transferencie v cestopisnej tvorbe Martina Kukučína

Analýza niektorých skutočností zo života Martina Kukučína, ktoré ovplyvnili písanie jeho cestopisov. Komparácia jeho tvorby s jeho predchodcami a súčasníkmi. Komunikačné úsilie autora nadväzovať a udržovať kontakt s domácim publikom a interpretovať preň odlišnú skutočnosť, v ktorej žil.

Guardado en:
Detalles Bibliográficos
Autor principal: Fráterová, Zuzana
Formato: Capítulo de libro
Lenguaje:eslovaco
Materias:
Etiquetas: Agregar Etiqueta
Sin Etiquetas, Sea el primero en etiquetar este registro!

MARC

LEADER 00000nla$a2200000$$$4500
001 0243749
005 20240502073941.0
041 0 |a slo 
044 |a SK 
245 1 0 |a Interakčný a interpretačný rámec kultúrnej transferencie v cestopisnej tvorbe Martina Kukučína  |c Zuzana Fráterová 
520 |a Analýza niektorých skutočností zo života Martina Kukučína, ktoré ovplyvnili písanie jeho cestopisov. Komparácia jeho tvorby s jeho predchodcami a súčasníkmi. Komunikačné úsilie autora nadväzovať a udržovať kontakt s domácim publikom a interpretovať preň odlišnú skutočnosť, v ktorej žil. 
610 2 0 |a literatúra 
610 2 0 |a kultúra 
610 2 0 |a geografia 
610 2 0 |a komunikácia interkultúrna 
100 1 |a Fráterová, Zuzana